Indo-Persian Travels Inn the Age of Discoveries 1400-1800 (Record no. 14267)

MARC details
000 -LEADER
fixed length control field 00605nam a2200229 a 4500
020 ## - INTERNATIONAL STANDARD BOOK NUMBER
ISBN
082 00 - DEWEY DECIMAL CLASSIFICATION NUMBER
Classification number 915.404025
Author Cutter ALA
100 ## - MAIN ENTRY--AUTHOR NAME
Author name Alam, Muzaffar
245 ## - TITLE STATEMENT
Title Indo-Persian Travels Inn the Age of Discoveries 1400-1800
260 ## - PUBLICATION, DISTRIBUTION, ETC. (IMPRINT)
Place of publication New Delhi
Name of publisher Cambridge University Press
Year of publication 2007
300 ## - PHYSICAL DESCRIPTION
Number of Pages 399p
500 ## - GENERAL NOTE
General note includes index and biblioraphy
505 2# - FORMATTED CONTENTS NOTE
Formatted contents note biblio, index
650 ## - SUBJECT ADDED ENTRY--TOPICAL TERM
Topical Term Travelogue-Description
942 ## - ADDED ENTRY ELEMENTS (KOHA)
Koha item type Books
Holdings
Collection code Home library Current library Date acquired Cost, normal purchase price Full call number Accession Number Koha item type
  Henry Martyn Institute Library Henry Martyn Institute Library 06/23/2008 695.00 915.404025 ALA 022452 Books
                   Copyright © 2026 | Henry Martyn Institute | Hyderabad | TS-500052 | INDIA | Implemented by hmi.edu.in
Hit-Count:

Powered by Koha